Normale Ansicht MARC-Ansicht ISBD

Fische werden eingesammelt. (Titelsatznr. 371792)

[ MARC ]
MARC-Details
000 -Satzkennung
Kontrollfeld mit fester Länge 00766nam a22001937a 4500
008 - Feld mit fester Länge zur physischen Beschreibung - Allgemeine Angaben
Kontrollfeld mit fester Länge 201127b ||||| |||| 00| 0 eng d
040 ## - Katalogisierungsquelle
Original-Katalogisierungsstelle DE-2950
Katalogisierungssprache ger
Übertragungsstelle DE-2950
Beschreibungsfestlegungen rda
041 ## - Sprachcode
Sprachcode des Textes/der Tonspur oder des separaten Titels ger
245 ## - Titel
Haupttitel Fische werden eingesammelt.
Titelzusatz Fischsterben in der Oder. Die Stadt wollte nicht mehr warten, bis alle Zuständigkeiten geklärt sind. Am Donnerstag begann die Suche nach Kadavern/
Verantwortlichkeitsangabe Thomas Gutke, Lisa Mahlke
264 ## - Veröffentlichungsangabe, Vertriebsangabe, Herstellungsangabe
Erscheinungs-, Vertriebs-, Herstellungsdatum 2022
653 ## - Lokales Schlagwort
Nicht-normierter Term Frankfurt (Oder)
653 ## - Lokales Schlagwort
Nicht-normierter Term Fischesterben
653 ## - Lokales Schlagwort
Nicht-normierter Term Peter Wolff
773 ## - Übergeordnete Einheit
Ort, Verlag und Erscheinungsjahr Frankfurt (Oder) Märkisches Verlags- und Druckhaus GmbH & Co KG
Titel Märkische Oderzeitung
Verknüpfungsangaben 33. Jahrgang (2022) Nr. 187 vom 12.08.2022, S. 13; Foto
942 ## - Zusätzliche Felder (Koha)
Koha-Medientyp Aufsätze

Keine Exemplare verfügbar.